000 00514nam a2200145Ia 4500
008 100204s9999 xx 000 0 und d
082 _b22895
100 _aकौसल्यायन भदंत आनंद
245 _aस्वतंत्र चिंतन
260 _bहेमचंद्र मोदी पुस्तकमाला
_c1950
300 _a220
630 _aस्वतंत्र चिंतन
730 _aस्वतंत्र चिंतन
942 _cBOOK
999 _c467996
_d467993